000 00544nam a22001937a 4500
003 SISC
005 20160309082811.0
008 130902t xxu||||| |||| 00| 0 eng d
020 _a0879051213
050 _aPN 227
_b.Qu5 1982
082 _aHS 808
_bQ4 1982
100 _aQuinn, Arthur
_916187
245 _aFigures of speech :
_b60 ways to turn a phrase /
_cArthur Quinn
260 _aLayton, Utah :
_bGibbs M. Smith,
_cc1982.
300 _a103 p. :
_c22 cm.
650 _aFigures of speech
_916188
942 _2lcc
_cBK
999 _c10186
_d10186